000 00442nam a2200169Ia 4500
001 33763
003 IN-NITTTR
005 20251114233432.0
008 251113s9999||||xx |||||||||||||| ||eng||
040 _beng
040 _cIN-NITTTR
041 _aeng
082 _aTK5103.2 .J87 2007eb
100 _aJurdak, Raja.
245 0 _aWireless Ad Hoc and Sensor Networks :
_b A Cross-Layer Design Perspective /
_cJurdak, Raja.
942 _2ddc
_cBK
999 _c35176
_d35176